| 000 | 03351cam a2200469 4500 | ||
|---|---|---|---|
| 003 | PE-LiUPU | ||
| 005 | 20250731183444.0 | ||
| 008 | 150517s2012 rm a rb 001 0 eng d | ||
| 020 | _a8849222688 | ||
| 020 | _a9788849222685 | ||
| 035 | _a(Sirsi) i9788849222685 | ||
| 040 |
_aPE-LiUPU _bspa _ePE-LiUPU _erda _cPE-LiUPU |
||
| 041 |
_aeng _aita _aspa |
||
| 049 | _aPRUA | ||
| 082 | 0 | 4 |
_a720.98525 _bL6 |
| 245 | 0 | 0 |
_aLima: _bThe Historic Center, Analysis and Restoration = Centro Histórico, Conocimiento y Restauración = Centro Storico Conoscenza e Restauro / _ceditado por Giancarlo Palmerio, Angela Lombardi y Patrizia Montuori |
| 264 | 1 |
_aRoma : _bGangemi Editore, _c2012. |
|
| 300 |
_a126 páginas : _bilulstraciones ; _c30 centímetros |
||
| 300 | _a1CD ROM | ||
| 336 |
_atext _2rdacontent |
||
| 337 |
_aunmediated _2rdamedia |
||
| 338 |
_avolume _2rdacarrier |
||
| 504 | _aBibliografía : páginas 124-126. | ||
| 505 | 0 | _aContenido del DVD: Traces. Features of the pre-hispanic Settlement of Taulli-Chusco -- Visions. Urban Landscape of the Historic City of Lima -- Voces de la ciudad -- Casa de las Columnas. Desarrollo de un proyecto -- Interactive Plan of the Historic Centre and Case Studies. | |
| 505 | 0 | _aLa Universidad de Roma Sapienza fomenta la investigación y la conservación del patrimonio arquitectónico mundial -- Formación especializada para la conservación del centro histórico de Lima -- Lima patrimonio mundial -- El World Monuments Fund en Lima -- Primeros resultados de una investigación -- Lima virreinal. Orígenes y desarrollo de una ciudad compleja -- Historia y vestigios prehispánicos en el trazado virreinal de Lima -- El nuevo rostro de la ciudad entre el siglo XIX y XX -- Centro histórico de Lima hoy, Problemas sociales y de conservación -- Identificación y depfensa del patrimonio histórico arquitectónico de la ciudad antigua -- Rehabilitación urbana y conservación en Lima en los últimos noventa años -- Deterioro funcional de los edificios y de los centros antiguos. El caso de Lima -- Metodología de valoración del patrimonio histórico en peligro de Lima -- Consistencia arquitectónica del centros histórico de Lima a través del análisis de casos de estudio -- Casa de las columnas. Rehabilitación social a través de la restauración de un monumento -- Técnicas constructivas tradicionales de Lima -- Degradación y técnicas de conservación de los materiales de construcción tradicionales en Lima. | |
| 526 | _aP158 | ||
| 526 | _aP146 | ||
| 526 | _aP17 | ||
| 526 | _aP12 | ||
| 526 | _aP06 | ||
| 650 | 1 | 4 |
_aArquitectura _xConservación y restauración _zPerú _zLima _zCentro histórico. |
| 650 | 2 | 4 |
_aEspacios públicos _xConservación y restauración _zPerú _zLima _zCentro histórico. |
| 650 | 2 | 4 |
_aMonumentos _xConservación y restauración _zPerú _zLima _zCentro histórico. |
| 700 | 1 |
_aLombardi, Angela, _eeditor. |
|
| 700 | 1 |
_aMontuori, Patrizia, _eeditor. |
|
| 700 | 1 |
_aPalmeiro, Giancarlo, _eeditor. |
|
| 910 | _acce | ||
| 942 |
_2ddc _cBOOK |
||
| 949 |
_a720.98521 L6 _wDEWEY _c1 _i71070 _d2016-5-25 _e2016-5-22 _lCCODEBUL1 _mBUL _n5 _p47.30 _r0 _sY _tBOOK _u2015-5-18 _xINGENIERIA _0COMPRA _o.STAFF. Colección General |
||
| 999 |
_c56975 _d56975 |
||
| 980 |
_81 _gALBERTO SANCHEZ Responsable de Automatización |
||